| 000 | 00525nam a2200193Ia 4500 | ||
|---|---|---|---|
| 008 | 220531s9999 xx 000 0 und d | ||
| 041 | _aeng | ||
| 082 |
_a621.382 _bFRE |
||
| 100 |
_aFrenzel, L. E. _969389 |
||
| 245 | _aCommunication Electronics: Principles And Applications | ||
| 250 | _a3RD | ||
| 260 |
_aNew Delhi _bMcGraw-Hill _c2014 |
||
| 300 | _a532 | ||
| 542 | _d03-01-2015 | ||
| 551 |
_aComputer Science _bNon-grant-CS |
||
| 650 |
_aElectronics _969390 |
||
| 906 |
_d2014-2015 _f4207 |
||
| 999 |
_c38926 _d38926 |
||